Statystyki dla Oznaczenia wojskowe samolotów państw NATO

Kliknij tutaj aby rozwiązać quiz!

Ogólne statystyki

  • Ten quiz został rozwiązany 336 razy
  • Średni wynik to 16 z 29

Statystyki odpowiedzi

Odpowiedź% Poprawnych
Czechy
95%
Polska
88%
Kanada
87%
Niemcy
86%
Słowacja
84%
Stany Zjednoczone
82%
Bułgaria
70%
Estonia
70%
Albania
66%
Francja
63%
Hiszpania
63%
Belgia
62%
Łotwa
55%
Rumunia
55%
Wielka Brytania
55%
Włochy
52%
Węgry
44%
Norwegia
41%
Grecja
40%
Luksemburg
40%
Chorwacja
37%
Portugalia
36%
Dania
35%
Słowenia
32%
Niderlandy
31%
Macedonia Północna
30%
Turcja
29%
Czarnogóra
27%
Litwa
26%

Rozkład punktacji

Percentyl według liczby udzielonych odpowiedzi

Procent ludzi z każdym wynikiem

Twoja historia wyników

Nie rozwiązałeś tego quizu